Name a Valid Football Player #1 - Statistics

General Stats
  • This quiz has been taken 101 times
  • The average score is 7 of 15
Answer Stats
Name a footballer... # Answer % Correct
Scored 5 goals in a UEFA Champions League Match 3 Lionel Messi|Luiz Adriano|Erling Haaland
89%
Made over 600 Premier League appearances 4 Gareth Barry|James Milner|Ryan Giggs|Frank Lampard
87%
Scored over 50 Serie A goals since the 20-21 season 6 Lautaro Martinez| Dusan Vlahovic|Ciro Immobile|Victor Osimhen|Romelu Lukaku|Domenico Berardi
80%
Played over 550 Minutes in the 2025 FIFA Club World Cup 6 Gianluigi Donnarumma|Vitinha|Achraf Hakimi|Marc Cucurella|Robert Sanchez|Cole Palmer
72%
Female Ballon d'Or Winner 4 Ada Hegerberg|Megan Rapinoe|Alexia Putellas|Aitana Bonmati
62%
Asian player who has played for Bayer Leverkusen 5 Cha Bum-Kun|Son Heung-min|Ryu Seung-woo|Hajime Hosogai|Sardar Azmoun
58%
Non-Brazilian player who has scored in a FIFA World Cup final prior to 1974 and after WWII (excluding penalties) 12 Roberto Boninsegna|Geoff Hurst|Martin Peters|Helmut Haller|Wolfgang Weber|Josef Masopust|Nils Liedholm|Agne Simonsson|Max Morlock|Helmut Rahn|Ferenc Puskas|Zoltan Czibor
46%
Has won more than 20 penalties in the top 5 leagues 3 Kylian Mbappe|Mehdi Taremi|Raheem Sterling
36%
Player who has been the only person to ever represent their nation in the Premier League 19 Henrikh Mkhitaryan|Abdukodir Khusanov|Hamza Choudry|Frederic Nimani|Onel Hernandez|Junior Firpo|Gunnar Nielsen|Danny Higginbotham|NathanielMendez-Laing|Jordi Amat|Ali Al-Hamadi|Victor Wanyama|Dylan Kerr|Ali Al-Habsi|Zeshan Rehman|Neil Etheridge|Ryan Donk|Mahmoud Dahoud|Mbwana Samatta
34%
Goalkeeper to have scored a hat-trick 1 Rogerio Ceni
25%
Had a pass completion percent of over 94% in the 2024-2025 in the top 5 leagues (had to have made over 10 appearances) 8 Federico Gatti|Marquinhos|Willian Pacho|Frenkie de Jong|Lucas Beraldo|William Saliba|Dani Ceballos|Andrew Omobamidele
21%
Has scored in a Champions League final, Europa League final, and FA Cup final 1 Steven Gerrard
20%
Has made at least 1 first team appearance for both Everton and Liverpool 7 Gary Ablett|Nick Barmby|David Burrows|Conor Coady|Don Hutchison|Sander Westerveld|Abel Xavier
16%
Paraguayan player to player for Borussia Dortmund 2 Nelson Valdez|Lucas Barrios
15%
Has made more over 150 substitute appearances in La Liga 4 Raul Garcia|Angel Correa|Guti|Joaquin
13%
No matching quizzes found
Score Distribution
Percent of People with Each Score
Percentile by Number Answered
Your Score History
You have not taken this quiz